=LDR 00000nam 2200000 4500 =001 INLIS000000000001461 =005 20130612085849 =008 ***********************************Ind** =035 ##$$0010-061300000001461 =041 ##$$a Ind =082 ##$$a 895.9 =090 ##$$a 895.9, Ase-a =245 ##$$a Aseano, An Anthology of poems from Southeast Asia, Editor, Romulo P. Baquiran, Jr... [et.al] =260 ##$$a 1995 $b MAnila =300 ##$$a 282 hlm, 22 cm =650 ##$$a Kesusastraan - Asia Tenggara =700 ##$$a BAQUIRAN, Romulo P =850 ##$$a NBPNMAT =990 ##$$a 0001/BPAP-NTB/2016